000 00825nam a2200253Ia 4500
003 OSt
005 20220930064947.0
006 a|||||r|||| 00| 0
007 ta
008 220926b |||||||| |||| 00| 0 eng d
024 _a4952
037 _cTheses
040 _aCRL
_cCRL
_beng
041 _2eng
_aeng
100 _aKapur Sushma
_9525237
110 _aUniversity of Delhi. Faculty of Science. Department of Chemistry
_9519399
245 0 _aStudies on the preparation and properties of some new organometallic compounds of Cerium (IV)
260 _c1973
650 _aCHEMISTRY
700 _a Prof R K Multani Supervisor
_9520646
700 _aUniversity of Delhi. Faculty of Science. Department of Chemistry
_9519402
942 _cDIS
_2CC
999 _c858915
_d858915